000 nam a22 7a 4500
999 _c10476
_d10476
008 180217b ||||| |||| 00| 0 eng d
100 _aBatra,S.K.etal.
_96397
245 _aTogether with Mathematics-IX
260 _aNew Delhi
_bRachna Sagar
_c2000